[Event "Pfalz-ch Seniors 75th"]
[Site "Kaiserslautern"]
[Date "2006.04.14"]
[Round "6"]
[White "Jaeger, Erich"]
[Black "Hennes, Ludwig"]
[Result "1/2-1/2"]
[WhiteElo "1740"]
[BlackElo "1538"]
[PlyCount "54"]
[EventDate "2006.04.07"]
[EventType "swiss"]
[EventRounds "7"]
[EventCountry "GER"]
[SourceTitle "EXT 2007"]
[Source "ChessBase"]
[SourceDate "2006.11.23"]
[SourceVersion "1"]
[SourceVersionDate "2006.11.23"]
[SourceQuality "1"]

1. d4 Nf6 2. c4 e6 3. Nc3 c6 4. e4 Bb4 5. e5 Ne4 6. Qc2 d5 7. exd6 f5 8. Bd3 Nxc3 9. bxc3 Bxd6 10. c5 Bc7 11. Nf3 h6 12. Qe2 0-0 13. 0-0 Qf6 14. Bb2 Re8 15. Nd2 Nd7 16. f4 Nf8 17. Nc4 Ng6 18. Nd6 Rd8 19. Ba3 b6 20. Bc4 bxc5 21. Nxc8 Nxf4 22. Rxf4 Bxf4 23. Qxe6+ Qxe6 24. Bxe6+ Kh8 25. Ne7 Be3+ 26. Kf1 cxd4 27. cxd4 Bxd4 1/2-1/2

[Event "Pfalz-ch Seniors 75th"]
[Site "Kaiserslautern"]
[Date "2006.04.09"]
[Round "3"]
[White "Paulsen, Eckart"]
[Black "Hennes, Ludwig"]
[Result "0-1"]
[WhiteElo "1669"]
[BlackElo "1538"]
[PlyCount "88"]
[EventDate "2006.04.07"]
[EventType "swiss"]
[EventRounds "7"]
[EventCountry "GER"]
[SourceTitle "EXT 2007"]
[Source "ChessBase"]
[SourceDate "2006.11.23"]
[SourceVersion "1"]
[SourceVersionDate "2006.11.23"]
[SourceQuality "1"]

1. d4 Nf6 2. Nf3 e6 3. e3 d5 4. Bd3 Nc6 5. c3 b6 6. Nbd2 Bd6 7. 0-0 0-0 8. Re1 e5 9. dxe5 Nxe5 10. e4 Nxd3 11. Re3 Nxf2 12. Kxf2 Ng4+ 13. Ke2 Nxe3 14. Kxe3 Bc5+ 15. Ke2 Ba6+ 16. Ke1 dxe4 17. Nxe4 Qxd1+ 18. Kxd1 Rad8+ 19. Bd2 Be3 20. Ke1 Bxd2+ 21. Nexd2 Rfe8+ 22. Kd1 Be2+ 23. Kc2 Bxf3 24. gxf3 Re2 25. Rd1 Rxh2 26. Kc1 g5 27. b4 a6 28. a4 Rd3 29. Kc2 Re3 30. Kb3 Rh3 31. Ne4 Rhxf3 32. Nxg5 Rxc3+ 33. Kb2 Rb3+ 34. Kc2 Rfc3+ 35. Kd2 Rd3+ 36. Kc2 Rxd1 37. Kxb3 Rc1 38. Ne4 Kg7 39. Nc3 c6 40. Kc4 b5+ 41. axb5 cxb5+ 42. Kd4 f5 43. Ne2 Rc4+ 44. Ke5 Re4+ 0-1